000 00600nam a22001937a 4500
005 20240103153131.0
010 _aENG-137492
020 _a9788123761060
_c140.00
035 _aEN-121024
037 _bDBAD/PUB
082 _a031.02
100 _aPal, Yash
_960611
245 _aRandom Curiosity/
_cBy Yash Pal [and] Rahul Pal
260 _aDelhi
_bNational Book Trust
_c2011
270 _aNehru Bhawan, 5 Institutional Area, Phase-II Vasant Kunj
_bNew Delhi
_e110070
300 _axxxv;258p.
_c22cm(pbk)
_bIndex
700 _aPal, Rahul
_960612
942 _2ddc
_cEN
_mPAL
_h031.02
999 _c196680
_d196680